00716cam5a220024100 4500001001200000005001700012008004100029010001600070035001900086035002200105035002200127040000900149050001600158082001000174100003000184245008800214260004000302504002900342650003300371949004500404004000600449999001900455qce0097330520190830103922.0750423s1964 ilua b 000 0 eng  a 64014066 a(Sirsi) r68397 a(QCAT)lss00807565 a(UPRA)qce00973305 dUPRA0 aRM301b.S63 a615.71 aSoffer, Alfred.6A29470.110aChelation therapy /cby Alfred Soffer ; co-authors: Maynard Chenoweth [and others]. aSpringfield, IL :bThomas,c[c1964] aIncludes bibliographies. 0aChelation therapy.6S21322.1 aRM301wlcci-91772mMAINtBOOKlON-SHELF68397 c185087d185087